00594 2200253 4500001002100000005001500021035002000036008004100056245005200097100002000149250000600169260002900175300001800204020001800222022000600240024000600246084001700252082001100269650000900280863000600289856002700295990000900322990000900331INLIS00000000000287520220324113100 a0010-0322000190220324 0 ind 1 aBelajar karakter dengan lagu /cSri hayati Asri aSri hayati Asri a1 aJakarta :bEsensi,c2017 a47hal ;c20cm a9789790332669 a0 a0 a782.42 SRI k a782.42 4alagu a0 aPengetahuan Masyarakat a8172 a8172